American folk (Record no. 10418)

MARC details
000 -CABECERA
campo de control de longitud fija 00826nam a2200253 a 4500
001 - NÚMERO DE CONTROL
campo de control BRL_1609
005 - FECHA Y HORA DE LA ÚLTIMA TRANSACCIÓN
campo de control 20190320211303.0
008 - DATOS DE LONGITUD FIJA--INFORMACIÓN GENERAL
campo de control de longitud fija 110414s2001----u--ao#####---#000-0#eng-#
020 ## - NÚMERO INTERNACIONAL ESTÁNDAR DEL LIBRO
Número Internacional Estándar del Libro 0878465952
041 ## - CÓDIGO DE LENGUA
Código de lengua del texto/banda sonora o título independiente eng
044 ## - CÓDIGO DEL PAÍS DE LA ENTIDAD EDITORA/PRODUCTORA
Código MARC del país u
084 ## - OTRO NÚMERO DE CLASIFICACIÓN
Número de clasificación NK805
Número de documento/Ítem .A44 2001
245 10 - MENCIÓN DE TÍTULO
Título American folk
Resto del título folk art from the collection of the Museum of Fine Arts, Boston
Mención de responsabilidad, etc. Gerald W. R. Ward...[et al.]
260 ## - PUBLICACIÓN, DISTRIBUCIÓN, ETC.
Lugar de publicación, distribución, etc. Boston, Massachusetts
Nombre del editor, distribuidor, etc. MFA Publications
Fecha de publicación, distribución, etc. 2001
300 ## - DESCRIPCIÓN FÍSICA
Extensión 111 p.
Otras características físicas il., fotografías (a color)
Dimensiones 26 cm.
500 ## - NOTA GENERAL
Nota general Au889
500 ## - NOTA GENERAL
Nota general Incluye índice de artístas identificados
504 ## - NOTA DE BIBLIOGRAFÍA, ETC.
Nota de bibliografía, etc. Bibliografía: p. 106-108
650 14 - PUNTO DE ACCESO ADICIONAL DE MATERIA--TÉRMINO DE MATERIA
Término de materia o nombre geográfico como elemento de entrada Arte popular
Subdivisión geográfica Estados Unidos
9 (RLIN) 25127
700 1# - PUNTO DE ACCESO ADICIONAL--NOMBRE DE PERSONA
Nombre de persona Ward, Gerald W. R.
Término indicativo de función/relación coaut.
9 (RLIN) 27434
710 2# - PUNTO DE ACCESO ADICIONAL--NOMBRE DE ENTIDAD CORPORATIVA
Nombre de entidad corporativa o nombre de jurisdicción como elemento de entrada Museum of the Fine Arts, Boston
9 (RLIN) 27435
902 ## - CATALOGADOR
Iniciales GRL
942 ## - ELEMENTOS DE PUNTO DE ACCESO ADICIONAL (KOHA)
Fuente del sistema de clasificación o colocación Library of Congress Classification
Tipo de ítem Koha Libros
Holdings
Estado de retiro Estado de pérdida Estado dañado No para préstamo Localización permanente Ubicación/localización actual Fecha de adquisición Número de inventario Total de préstamos Signatura topográfica completa Código de barras Fecha visto por última vez Precio válido a partir de Tipo de ítem Koha
El ejemplar forma parte de la colección y puede ser consultado según las políticas vigentes.       Biblioteca Centro de Estudios Ruth D. Lechuga Biblioteca Centro de Estudios Ruth D. Lechuga 11/04/2014 Au889   NK805 .A44 2001 (Au889) GRL01769 22/03/2019 22/03/2019 Libros